[Event "Titled Tuesday intern op 30th June"]
[Site "Chess.com INT"]
[Date "2020.06.30"]
[Round "2"]
[White "Gitelson, Arkady"]
[Black "Kamsky, Gata"]
[Result "0-1"]
[WhiteElo "2210"]
[BlackElo "2674"]
[PlyCount "58"]
[EventDate "2020.06.30"]
[EventType "swiss (blitz)"]
[EventRounds "10"]
[EventCountry "USA"]
[SourceTitle "CBM 197 Extra"]
[Source "ChessBase"]
[SourceDate "2020.09.30"]
[SourceVersion "1"]
[SourceVersionDate "2020.09.30"]
[SourceQuality "1"]

1. e4 c5 2. b3 b6 3. Bb2 Bb7 4. Nc3 Nc6 5. f4 e6 6. Nf3 Qc7 7. e5 a6 8. a4 Nh6
9. Ne4 Nf5 10. Be2 Ncd4 11. Nxd4 Nxd4 12. Bd3 d6 13. O-O dxe5 14. fxe5 Qxe5 15.
Re1 Bd6 16. Nxd6+ Qxd6 17. Qg4 O-O 18. Re3 f5 19. Qh5 Rf6 20. Rg3 Raf8 21. Re1
e5 22. Bc4+ Bd5 23. Bxa6 f4 24. Rg5 f3 25. Rf1 fxg2 26. Rxf6 Qxf6 27. Rxg2 c4
28. Qd1 Nf3+ 29. Kh1 Nh4 0-1

[Event "Titled Tuesday intern op 30th June"]
[Site "Chess.com INT"]
[Date "2020.06.30"]
[Round "3"]
[White "Kamsky, Gata"]
[Black "Sipila, Vilka"]
[Result "1-0"]
[WhiteElo "2674"]
[BlackElo "2402"]
[PlyCount "134"]
[EventDate "2020.06.30"]
[EventType "swiss (blitz)"]
[EventRounds "10"]
[EventCountry "USA"]
[SourceTitle "CBM 197 Extra"]
[Source "ChessBase"]
[SourceDate "2020.09.30"]
[SourceVersion "1"]
[SourceVersionDate "2020.09.30"]
[SourceQuality "1"]

1. d4 f5 2. Nf3 Nf6 3. Bf4 e6 4. e3 Be7 5. h3 b6 6. c4 Bb7 7. Nc3 Ne4 8. Qc2
O-O 9. Bd3 Nc6 10. a3 Nxc3 11. Qxc3 Bf6 12. O-O d6 13. Bh2 Qe7 14. Qc2 g6 15.
d5 Ne5 16. Bxe5 dxe5 17. e4 a5 18. Rfe1 a4 19. dxe6 f4 20. c5 Qxc5 21. Qxc5
bxc5 22. Bc4 Kg7 23. Rac1 Rfd8 24. Bb5 Ra5 25. Bd7 Kf8 26. Rc4 Rda8 27. Rec1
Ke7 28. Ne1 Bc8 29. Bxc8 Rxc8 30. Nd3 Rb8 31. Rxc5 Rxc5 32. Rxc5 Kxe6 33. Kf1
Be7 34. Rxe5+ Kd7 35. Ra5 c5 36. Rxa4 Kc6 37. Ke2 Bd6 38. Ra6+ Kd7 39. e5 Bc7
40. Nxc5+ Ke7 41. Ra7 Rc8 42. Na6 Ke6 43. Rxc7 Ra8 44. Nc5+ Kxe5 45. Rxh7 Kd6
46. Ne4+ Ke5 47. Re7+ Kd4 48. Kf3 Rb8 49. b4 Ra8 50. Kxf4 Rxa3 51. b5 Rb3 52.
Re5 Rb2 53. g3 g5+ 54. Rxg5 Re2 55. Re5 Rb2 56. h4 Ra2 57. h5 Ra8 58. Ng5 Rf8+
59. Rf5 Rb8 60. h6 Rh8 61. Nf7 Rh7 62. b6 Kd3 63. b7 Ke2 64. g4 Kf1 65. g5 Kg1
66. g6 Kh2 67. gxh7 Kh1 1-0

[Event "Titled Tuesday intern op 30th June"]
[Site "Chess.com INT"]
[Date "2020.06.30"]
[Round "4"]
[White "Bachmann, Axel"]
[Black "Kamsky, Gata"]
[Result "1/2-1/2"]
[WhiteElo "2599"]
[BlackElo "2674"]
[PlyCount "46"]
[EventDate "2020.06.30"]
[EventType "swiss (blitz)"]
[EventRounds "10"]
[EventCountry "USA"]
[SourceTitle "CBM 197 Extra"]
[Source "ChessBase"]
[SourceDate "2020.09.30"]
[SourceVersion "1"]
[SourceVersionDate "2020.09.30"]
[SourceQuality "1"]

1. e4 e5 2. Nf3 Nc6 3. Bb5 a6 4. Ba4 Nf6 5. d3 d6 6. O-O Bd7 7. c4 g6 8. Nc3
Bg7 9. Nd5 h6 10. h3 O-O 11. Be3 Kh7 12. Rc1 Ne7 13. Nxf6+ Bxf6 14. Bxd7 Qxd7
15. d4 Rad8 16. d5 Bg7 17. c5 f5 18. cxd6 cxd6 19. Nd2 Rc8 20. Nc4 Qd8 21. Bb6
Qd7 22. Be3 Qd8 23. a4 b5 1/2-1/2

[Event "Titled Tuesday intern op 30th June"]
[Site "Chess.com INT"]
[Date "2020.06.30"]
[Round "5"]
[White "Kamsky, Gata"]
[Black "Dragnev, Valentin"]
[Result "0-1"]
[WhiteElo "2674"]
[BlackElo "2553"]
[PlyCount "64"]
[EventDate "2020.06.30"]
[EventType "swiss (blitz)"]
[EventRounds "10"]
[EventCountry "USA"]
[SourceTitle "CBM 197 Extra"]
[Source "ChessBase"]
[SourceDate "2020.09.30"]
[SourceVersion "1"]
[SourceVersionDate "2020.09.30"]
[SourceQuality "1"]

1. d4 d5 2. Nf3 e6 3. Bf4 Ne7 4. e3 Ng6 5. Bg3 Bd6 6. c4 O-O 7. Nc3 c6 8. Bd3
f5 9. Bxd6 Qxd6 10. h4 Nd7 11. Qb3 b6 12. a4 a5 13. cxd5 exd5 14. O-O Qf6 15.
g3 Kh8 16. Ne2 Bb7 17. Rac1 c5 18. Bb5 c4 19. Qa3 Bc6 20. Bxc6 Qxc6 21. b3 Rfe8
22. h5 Ngf8 23. Nf4 Ne6 24. Nd3 Qb7 25. Nde5 Nxe5 26. Nxe5 Ng5 27. f3 Rad8 28.
Kg2 Nf7 29. f4 Nxe5 30. fxe5 Qf7 31. g4 Qe7 32. gxf5 Qxa3 0-1

[Event "Titled Tuesday intern op 30th June"]
[Site "Chess.com INT"]
[Date "2020.06.30"]
[Round "6"]
[White "Kamsky, Gata"]
[Black "Munkhzul, Turmunkh"]
[Result "1-0"]
[WhiteElo "2674"]
[BlackElo "2278"]
[PlyCount "47"]
[EventDate "2020.06.30"]
[EventType "swiss (blitz)"]
[EventRounds "10"]
[EventCountry "USA"]
[SourceTitle "CBM 197 Extra"]
[Source "ChessBase"]
[SourceDate "2020.09.30"]
[SourceVersion "1"]
[SourceVersionDate "2020.09.30"]
[SourceQuality "1"]

1. d4 Nf6 2. Nf3 e6 3. Bf4 c5 4. e3 d5 5. c3 Nc6 6. Nbd2 Bd6 7. Bg3 O-O 8. Bd3
b6 9. Qe2 Bb7 10. Rd1 Re8 11. e4 Be7 12. e5 Nh5 13. a3 Rc8 14. Nf1 g6 15. Ne3
a5 16. Ng4 Kg7 17. Qe3 cxd4 18. cxd4 Kh8 19. Bf4 Nxf4 20. Qxf4 Rf8 21. h4 h5
22. Qh6+ Kg8 23. Ng5 Bxg5 24. hxg5 1-0

[Event "Titled Tuesday intern op 30th June"]
[Site "Chess.com INT"]
[Date "2020.06.30"]
[Round "7"]
[White "Bjerre, Jonas Buhl"]
[Black "Kamsky, Gata"]
[Result "1/2-1/2"]
[WhiteElo "2549"]
[BlackElo "2674"]
[PlyCount "83"]
[EventDate "2020.06.30"]
[EventType "swiss (blitz)"]
[EventRounds "10"]
[EventCountry "USA"]
[SourceTitle "CBM 197 Extra"]
[Source "ChessBase"]
[SourceDate "2020.09.30"]
[SourceVersion "1"]
[SourceVersionDate "2020.09.30"]
[SourceQuality "1"]

1. d4 Nf6 2. c4 g6 3. Nc3 Bg7 4. e4 d6 5. Nf3 O-O 6. Be2 e5 7. O-O Nc6 8. dxe5
dxe5 9. Bg5 Qxd1 10. Rfxd1 h6 11. Be3 Bg4 12. h3 Bxf3 13. Bxf3 Rfd8 14. Nd5 Ne8
15. c5 Kf8 16. Rac1 Ne7 17. b4 c6 18. Nc3 h5 19. Be2 Ng8 20. g4 hxg4 21. hxg4
f6 22. Bc4 Bh6 23. Bxh6+ Nxh6 24. f3 Nf7 25. Kf2 Ng5 26. Ke3 Nc7 27. Ne2 Nce6
28. Bxe6 Nxe6 29. f4 Ke7 30. f5 gxf5 31. exf5 Ng5 32. Ng3 a5 33. bxa5 Rxa5 34.
Rxd8 Kxd8 35. Nh5 Ke7 36. Rb1 Ra3+ 37. Ke2 Rxa2+ 38. Ke3 Ra7 39. Rb2 Ra3+ 40.
Ke2 Ne4 41. Rxb7+ Kf8 42. Rc7 1/2-1/2

[Event "Titled Tuesday intern op 30th June"]
[Site "Chess.com INT"]
[Date "2020.06.30"]
[Round "8"]
[White "Kamsky, Gata"]
[Black "Kosteniuk, Alexandra"]
[Result "1-0"]
[WhiteElo "2674"]
[BlackElo "2471"]
[PlyCount "117"]
[EventDate "2020.06.30"]
[EventType "swiss (blitz)"]
[EventRounds "10"]
[EventCountry "USA"]
[SourceTitle "CBM 197 Extra"]
[Source "ChessBase"]
[SourceDate "2020.09.30"]
[SourceVersion "1"]
[SourceVersionDate "2020.09.30"]
[SourceQuality "1"]

1. d4 Nf6 2. Nf3 b6 3. Bf4 Bb7 4. e3 g6 5. c3 Bg7 6. a4 a5 7. Nbd2 d6 8. Bb5+
Nbd7 9. h3 O-O 10. O-O c6 11. Bc4 Qb8 12. e4 e5 13. Bh2 h6 14. Re1 Kh7 15. Qc2
Qc7 16. Rad1 Rae8 17. Qb3 Re7 18. Qa3 Rfe8 19. Bd3 Nh5 20. Nc4 c5 21. dxe5 dxe5
22. Bf1 Bc6 23. Nd6 Rf8 24. Bb5 Nf4 25. Qb3 f5 26. Bxc6 Qxc6 27. Bxf4 exf4 28.
exf5 Rxe1+ 29. Nxe1 gxf5 30. Nf3 Rf6 31. Qd5 Qxd5 32. Rxd5 Re6 33. Nxf5 Ne5 34.
Nxe5 Bxe5 35. Kf1 Kg6 36. Nh4+ Kf6 37. Nf3 Bd6 38. Nd2 Ke7 39. Nc4 Bc7 40. Rd2
Kf6 41. Re2 Kf5 42. Rxe6 Kxe6 43. Ke2 Kd5 44. Kd3 Kc6 45. Ke4 b5 46. Ne5+ Kb6
47. Kxf4 bxa4 48. c4 Bd8 49. Kf5 Kc7 50. f4 Bh4 51. g4 Bf2 52. g5 Bd4 53. g6
Bxb2 54. g7 a3 55. g8=Q a2 56. Qf7+ Kb6 57. Qe6+ Kb7 58. Qd7+ Ka8 59. Qc6+ 1-0

[Event "Titled Tuesday intern op 30th June"]
[Site "Chess.com INT"]
[Date "2020.06.30"]
[Round "9"]
[White "Bocharov, Dmitry"]
[Black "Kamsky, Gata"]
[Result "1-0"]
[WhiteElo "2524"]
[BlackElo "2674"]
[PlyCount "109"]
[EventDate "2020.06.30"]
[EventType "swiss (blitz)"]
[EventRounds "10"]
[EventCountry "USA"]
[SourceTitle "CBM 197 Extra"]
[Source "ChessBase"]
[SourceDate "2020.09.30"]
[SourceVersion "1"]
[SourceVersionDate "2020.09.30"]
[SourceQuality "1"]

1. d4 Nf6 2. c4 g6 3. Nf3 Bg7 4. g3 d6 5. Bg2 O-O 6. O-O Nc6 7. Nc3 e5 8. dxe5
dxe5 9. Bg5 Be6 10. Qc1 Qc8 11. Rd1 Re8 12. Nd5 Nd7 13. Bh6 f6 14. Bxg7 Kxg7
15. Qc3 Nd8 16. Nd2 c6 17. Ne3 Nf7 18. Ne4 Qc7 19. c5 Rad8 20. b4 Nf8 21. a4
Rxd1+ 22. Rxd1 Rd8 23. Rxd8 Qxd8 24. b5 Bd5 25. Qb4 Bxe4 26. Bxe4 Ne6 27. bxc6
bxc6 28. Bxc6 Qc7 29. Bd5 Nxc5 30. Bxf7 Kxf7 31. a5 Ne6 32. Nd5 Qd7 33. a6 f5
34. Qb8 e4 35. Qe5 Qd8 36. h4 h5 37. Kg2 Nc5 38. Nf4 Qe7 39. Qd5+ Ne6 40. e3
Kf6 41. Qc6 Kf7 42. Nd5 Qd8 43. Qb7+ Kf8 44. Nb4 Qd1 45. Qb8+ Kf7 46. Qxa7+ Kf6
47. Qb7 Qf3+ 48. Kg1 Qd1+ 49. Kh2 Qf1 50. Nd5+ Ke5 51. Nf4 Qxf2+ 52. Ng2 Nc5
53. Qc7+ Kd5 54. a7 Qa2 55. Qd8+ 1-0

[Event "Titled Tuesday intern op 30th June"]
[Site "Chess.com INT"]
[Date "2020.06.30"]
[Round "10"]
[White "Lagno, Kateryna"]
[Black "Kamsky, Gata"]
[Result "0-1"]
[WhiteElo "2546"]
[BlackElo "2674"]
[PlyCount "92"]
[EventDate "2020.06.30"]
[EventType "swiss (blitz)"]
[EventRounds "10"]
[EventCountry "USA"]
[SourceTitle "CBM 197 Extra"]
[Source "ChessBase"]
[SourceDate "2020.09.30"]
[SourceVersion "1"]
[SourceVersionDate "2020.09.30"]
[SourceQuality "1"]

1. e4 e5 2. Nf3 Nc6 3. Bb5 a6 4. Ba4 Nf6 5. O-O Be7 6. d3 d6 7. c3 O-O 8. Nbd2
Bd7 9. Re1 Re8 10. Nf1 Bf8 11. Bg5 h6 12. Bh4 Be7 13. Ne3 Nh7 14. Bxe7 Qxe7 15.
Nd5 Qd8 16. d4 Nf6 17. Nxf6+ Qxf6 18. d5 Nb8 19. c4 Rf8 20. b4 Bg4 21. c5 a5
22. a3 axb4 23. axb4 Na6 24. c6 Rab8 25. cxb7 Rxb7 26. Bc6 Rb6 27. b5 Nc5 28.
Ra7 Qf4 29. Qd2 Qf6 30. Qe3 Bxf3 31. Qxf3 Qe7 32. g4 g6 33. Kh1 Rbb8 34. Rb1
Qd8 35. Qe3 Kg7 36. f3 Rc8 37. Rg1 Qf6 38. Rg3 Rh8 39. Rh3 Qf4 40. Qg1 Nd3 41.
Rg3 h5 42. gxh5 Rxh5 43. b6 Rch8 44. Rxc7 Rxh2+ 45. Qxh2 Qxg3 46. Qxh8+ Kxh8
0-1

[Event "Titled Tuesday intern op 7th July"]
[Site "Chess.com INT"]
[Date "2020.07.07"]
[Round "7"]
[White "Kamsky, Gata"]
[Black "Golubka, Petr"]
[Result "1/2-1/2"]
[WhiteElo "2674"]
[BlackElo "2495"]
[PlyCount "126"]
[EventDate "2020.07.07"]
[EventType "swiss (blitz)"]
[EventRounds "10"]
[EventCountry "USA"]
[SourceTitle "CBM 197 Extra"]
[Source "ChessBase"]
[SourceDate "2020.09.30"]
[SourceVersion "1"]
[SourceVersionDate "2020.09.30"]
[SourceQuality "1"]

1. d4 Nf6 2. Nf3 c5 3. d5 e6 4. Nc3 exd5 5. Nxd5 Nxd5 6. Qxd5 Nc6 7. Bd2 Be7 8.
Bc3 O-O 9. e3 d6 10. Bd3 Be6 11. Qh5 h6 12. O-O Bf6 13. Bxf6 Qxf6 14. c3 d5 15.
Rfd1 Rfd8 16. Be2 a6 17. h3 b5 18. Qh4 Qxh4 19. Nxh4 Rab8 20. Nf3 a5 21. Rac1
Kf8 22. Ne1 Ke7 23. Nd3 c4 24. Ne1 b4 25. Rd2 Rd7 26. Nf3 Rdb7 27. Nd4 Nxd4 28.
Rxd4 bxc3 29. bxc3 Rb2 30. Bf3 R8b5 31. Rcd1 Rxa2 32. Bxd5 Bxd5 33. Rxd5 Rxd5
34. Rxd5 a4 35. Rc5 a3 36. Ra5 Ra1+ 37. Kh2 a2 38. g4 g5 39. Kg2 Kd6 40. Kf3
Ke6 41. Ke4 f6 42. Ra6+ Ke7 43. Kf5 Rc1 44. Rxa2 Rxc3 45. Ra7+ Kd6 46. Kxf6 Rc2
47. f4 gxf4 48. exf4 Rh2 49. Ra3 Kd5 50. g5 hxg5 51. fxg5 Kd4 52. g6 Rf2+ 53.
Kg5 Rg2+ 54. Kh6 c3 55. g7 c2 56. Ra1 Ke5 57. Kh7 Rg3 58. h4 Rh3 59. g8=Q Rxh4+
60. Kg7 Rg4+ 61. Kf8 Rxg8+ 62. Kxg8 Kd4 63. Kf7 Kc3 1/2-1/2

[Event "Leon blitz op 33rd"]
[Site "Chess.com INT"]
[Date "2020.07.14"]
[Round "2"]
[White "Bykhovsky, Anatoly"]
[Black "Kamsky, Gata"]
[Result "1-0"]
[WhiteElo "2496"]
[BlackElo "2674"]
[PlyCount "94"]
[EventDate "2020.07.14"]
[EventType "swiss (blitz)"]
[EventRounds "10"]
[EventCountry "ESP"]
[SourceTitle "CBM 197 Extra"]
[Source "ChessBase"]
[SourceDate "2020.09.30"]
[SourceVersion "1"]
[SourceVersionDate "2020.09.30"]
[SourceQuality "1"]

1. d4 Nf6 2. Nf3 g6 3. c4 Bg7 4. Nc3 d6 5. e4 O-O 6. Be2 e5 7. O-O Nc6 8. d5
Ne7 9. b4 Ne8 10. Nd2 f5 11. c5 Nf6 12. f3 g5 13. Nc4 f4 14. Ba3 Ne8 15. b5 Ng6
16. Qb3 Rf7 17. b6 axb6 18. cxb6 Bf8 19. bxc7 Rxc7 20. Rab1 h5 21. Nb6 Rb8 22.
Nb5 Rg7 23. Na7 Bd7 24. Nxd7 Qxd7 25. Qb5 Qf7 26. Kh1 Nh4 27. Bb4 Ra8 28. Qb6
g4 29. Be1 gxf3 30. gxf3 Ng2 31. Bf2 h4 32. Rg1 h3 33. Bf1 Qh5 34. Rb3 Be7 35.
Bxg2 hxg2+ 36. Rxg2 Qh3 37. Rxg7+ Kxg7 38. Qxb7 Qf1+ 39. Bg1 Rxa7 40. Qxa7 Kf7
41. Qf2 Qd1 42. Rb7 Nf6 43. a4 Qxa4 44. Qa7 Qe8 45. Bf2 Ng8 46. Bh4 Qf8 47.
Bxe7 Nxe7 1-0

[Event "Leon blitz op 33rd"]
[Site "Chess.com INT"]
[Date "2020.07.14"]
[Round "3"]
[White "Kamsky, Gata"]
[Black "Thipsay, Praveen Mahadeo"]
[Result "1-0"]
[WhiteElo "2674"]
[BlackElo "2376"]
[PlyCount "91"]
[EventDate "2020.07.14"]
[EventType "swiss (blitz)"]
[EventRounds "10"]
[EventCountry "ESP"]
[SourceTitle "CBM 197 Extra"]
[Source "ChessBase"]
[SourceDate "2020.09.30"]
[SourceVersion "1"]
[SourceVersionDate "2020.09.30"]
[SourceQuality "1"]

1. d4 Nf6 2. Nf3 g6 3. c3 d6 4. Bg5 Bg7 5. Nbd2 O-O 6. e4 Nbd7 7. Bd3 c5 8. d5
Rb8 9. a4 b6 10. O-O a6 11. Qe2 b5 12. axb5 axb5 13. Bxb5 h6 14. Bh4 Nh5 15.
Rfe1 Ne5 16. Nxe5 Bxe5 17. Bg3 Nxg3 18. hxg3 Qb6 19. Bd3 Bg7 20. Nc4 Qc7 21.
Ra2 h5 22. Rea1 Bg4 23. Qe3 Kh7 24. Ra7 Rb7 25. Rxb7 Qxb7 26. Qd2 Ra8 27. Qc1
Rxa1 28. Qxa1 Qb3 29. Ne3 Bh6 30. Bc4 Qb8 31. Nxg4 hxg4 32. b3 Bg7 33. Qd1 Qc8
34. Qa1 Qb8 35. Kf1 Be5 36. Ke2 Kg7 37. Kd3 f5 38. exf5 gxf5 39. f4 gxf3 40.
gxf3 Qe8 41. f4 Bf6 42. Qh1 Qg6 43. Qh3 Qh7 44. Qxh7+ Kxh7 45. b4 cxb4 46. cxb4
1-0

[Event "Leon blitz op 33rd"]
[Site "Chess.com INT"]
[Date "2020.07.14"]
[Round "4"]
[White "Swayams, Mishra"]
[Black "Kamsky, Gata"]
[Result "1/2-1/2"]
[WhiteElo "2489"]
[BlackElo "2674"]
[PlyCount "159"]
[EventDate "2020.07.14"]
[EventType "swiss (blitz)"]
[EventRounds "10"]
[EventCountry "ESP"]
[SourceTitle "CBM 197 Extra"]
[Source "ChessBase"]
[SourceDate "2020.09.30"]
[SourceVersion "1"]
[SourceVersionDate "2020.09.30"]
[SourceQuality "1"]

1. d4 d5 2. c4 c6 3. Nf3 Nf6 4. Nc3 a6 5. a4 e6 6. Bg5 Nbd7 7. e3 Qa5 8. Bxf6
Nxf6 9. Rc1 Bb4 10. Bd3 dxc4 11. Bxc4 b5 12. Bd3 bxa4 13. O-O a3 14. bxa3 Bxc3
15. Qb3 Bd2 16. Rc2 Bxe3 17. fxe3 Nd7 18. Rxc6 O-O 19. Rfc1 Rb8 20. Qc3 Qxc3
21. R1xc3 Bb7 22. Rc7 Rfd8 23. Kf2 a5 24. Ng5 h6 25. Ne4 Bxe4 26. Bxe4 Nf6 27.
Bf3 Rb2+ 28. Kg3 g5 29. h3 h5 30. Ra7 g4 31. hxg4 hxg4 32. Ba8 Rbb8 33. Bc6
Rdc8 34. Rc5 Rb3 35. Kf4 Kg7 36. Raxa5 Rb2 37. Rab5 Ra2 38. Rb3 Rf2+ 39. Kg3
Ra2 40. a4 Rh8 41. Rg5+ Kh6 42. Rbb5 Rc8 43. Rgc5 Rxa4 44. Rb7 Ra6 45. Bb5 Ne4+
46. Kf4 Nxc5 47. dxc5 Ra5 48. c6 f5 49. Ke5 Rxc6 50. Kf6 Rxb5 51. Rxb5 g3 52.
Re5 Kh5 53. Rxe6 Rc2 54. Kxf5 Rxg2 55. Kf4 Rg1 56. Re8 g2 57. Kf3 Kg6 58. Kf2
Ra1 59. Kxg2 Ra4 60. Kf3 Kf6 61. Re4 Ra5 62. Rf4+ Ke6 63. Rh4 Kf6 64. Rh6+ Kf7
65. Kf4 Rb5 66. Rd6 Ra5 67. e4 Ke7 68. Rg6 Kf7 69. Rc6 Ke7 70. Ke3 Kd7 71. Rf6
Ke7 72. Rh6 Kd7 73. Kd4 Ke7 74. Rc6 Kd7 75. Rb6 Ke7 76. Ke3 Kd7 77. Kf4 Ke7 78.
e5 Ra1 79. Rb7+ Ke6 80. Rb6+ 1/2-1/2

[Event "Leon blitz op 33rd"]
[Site "Chess.com INT"]
[Date "2020.07.14"]
[Round "5"]
[White "Rahman, Ziaur"]
[Black "Kamsky, Gata"]
[Result "1/2-1/2"]
[WhiteElo "2415"]
[BlackElo "2674"]
[PlyCount "123"]
[EventDate "2020.07.14"]
[EventType "swiss (blitz)"]
[EventRounds "10"]
[EventCountry "ESP"]
[SourceTitle "CBM 197 Extra"]
[Source "ChessBase"]
[SourceDate "2020.09.30"]
[SourceVersion "1"]
[SourceVersionDate "2020.09.30"]
[SourceQuality "1"]

1. d4 d5 2. Nf3 Nf6 3. g3 g6 4. Bg2 Bg7 5. O-O O-O 6. c4 c6 7. b3 Bg4 8. Bb2
Bxf3 9. Bxf3 e6 10. Nc3 Nbd7 11. e3 a5 12. Qe2 Qb6 13. Rab1 Rfd8 14. Rfd1 Qa7
15. h4 h5 16. Kg2 Re8 17. Qd2 Nb6 18. Be2 Red8 19. Qc2 Nc8 20. c5 Ne7 21. a3 b6
22. b4 axb4 23. axb4 bxc5 24. bxc5 Nd7 25. Ra1 Qc7 26. Rxa8 Rxa8 27. Ra1 Rb8
28. Nd1 e5 29. Ra6 exd4 30. Bxd4 Nf5 31. Bxg7 Nxg7 32. Nb2 Ne6 33. Nd3 Qb7 34.
Ra5 Ra8 35. Rxa8+ Qxa8 36. g4 hxg4 37. Bxg4 Ndf8 38. Qc3 Qa4 39. Kg3 Qe4 40.
Ne5 d4 41. exd4 Nxd4 42. Qe3 Qd5 43. Nf3 Nde6 44. Qe5 Qxc5 45. Qxc5 Nxc5 46.
Ne5 Ne4+ 47. Kf3 Nd6 48. Nxc6 f5 49. Bh3 Ne6 50. h5 Ng5+ 51. Kg2 Nxh3 52. Kxh3
g5 53. f4 gxf4 54. Ne5 Kg7 55. Kh4 Kh6 56. Nd3 f3 57. Kg3 Kxh5 58. Kxf3 Kg5 59.
Ne5 Ne4 60. Nc4 Nf6 61. Nd6 Ng4 62. Nxf5 1/2-1/2

[Event "Leon blitz op 33rd"]
[Site "Chess.com INT"]
[Date "2020.07.14"]
[Round "6"]
[White "Kamsky, Gata"]
[Black "Williams, Simon Kim"]
[Result "1/2-1/2"]
[WhiteElo "2674"]
[BlackElo "2464"]
[PlyCount "92"]
[EventDate "2020.07.14"]
[EventType "swiss (blitz)"]
[EventRounds "10"]
[EventCountry "ESP"]
[SourceTitle "CBM 197 Extra"]
[Source "ChessBase"]
[SourceDate "2020.09.30"]
[SourceVersion "1"]
[SourceVersionDate "2020.09.30"]
[SourceQuality "1"]

1. d4 e6 2. Bf4 f5 3. Nf3 Nf6 4. e3 b6 5. h3 Bb7 6. Be2 g6 7. c4 Bg7 8. Nc3 O-O
9. O-O d6 10. Bh2 Nbd7 11. Rc1 Qe7 12. b4 a5 13. a3 axb4 14. axb4 Ne4 15. Qb3
Ndf6 16. Nxe4 Nxe4 17. c5 Bd5 18. Bc4 Bxc4 19. Qxc4 bxc5 20. bxc5 Kh8 21. cxd6
cxd6 22. Rc2 g5 23. Nd2 Nxd2 24. Rxd2 f4 25. exf4 gxf4 26. Re1 e5 27. dxe5 dxe5
28. f3 Qf6 29. Kh1 Rac8 30. Qe4 Qa6 31. Bg1 Rc4 32. Qd3 Qc6 33. Bf2 h6 34. Qb1
Re8 35. Rde2 Qd5 36. Qg6 Qc6 37. Qxc6 Rxc6 38. g3 fxg3 39. Bxg3 Rce6 40. Kg2
Kh7 41. Re4 Kg6 42. f4 Kf5 43. fxe5 Bxe5 44. Bxe5 Rxe5 45. Rxe5+ Rxe5 46. Rxe5+
Kxe5 1/2-1/2

[Event "Leon blitz op 33rd"]
[Site "Chess.com INT"]
[Date "2020.07.14"]
[Round "7"]
[White "Jakubowski, Krzysztof"]
[Black "Kamsky, Gata"]
[Result "0-1"]
[WhiteElo "2481"]
[BlackElo "2674"]
[PlyCount "122"]
[EventDate "2020.07.14"]
[EventType "swiss (blitz)"]
[EventRounds "10"]
[EventCountry "ESP"]
[SourceTitle "CBM 197 Extra"]
[Source "ChessBase"]
[SourceDate "2020.09.30"]
[SourceVersion "1"]
[SourceVersionDate "2020.09.30"]
[SourceQuality "1"]

1. e4 e5 2. Nf3 Nc6 3. Bc4 Bc5 4. c3 Nf6 5. d3 a6 6. Nbd2 Ba7 7. Bb3 d6 8. h3
O-O 9. Nf1 Be6 10. Bg5 Bxb3 11. Qxb3 b5 12. Ng3 Ne7 13. Bxf6 gxf6 14. Nh4 Kh8
15. Ngf5 Ng6 16. g3 Qd7 17. Qc2 Rg8 18. Qe2 Rad8 19. O-O-O Qe6 20. Nh6 Nxh4 21.
Nxg8 Ng6 22. Nh6 Qxa2 23. Qf3 Kg7 24. Ng4 Qe6 25. h4 Ne7 26. h5 f5 27. h6+ Kh8
28. exf5 Qxf5 29. Qxf5 Nxf5 30. Rh5 Ne7 31. d4 Rg8 32. Ne3 f6 33. Kc2 Bb6 34.
dxe5 fxe5 35. Nf5 Ng6 36. f3 Rf8 37. Ra1 a5 38. b3 Kg8 39. Rd1 Kf7 40. g4 Bc5
41. Rh2 a4 42. b4 Bb6 43. Rd5 Ke6 44. Rxb5 Ne7 45. Nxe7 Kxe7 46. Rh3 Ke6 47. c4
Rf4 48. Kc3 a3 49. c5 a2 50. Rh1 dxc5 51. bxc5 Ra4 52. Kb2 Ba7 53. Rc1 Kd5 54.
c6+ Kd6 55. Rd1+ Bd4+ 56. Kb3 a1=Q 57. Rxa1 Rxa1 58. f4 exf4 59. Kc4 Kxc6 60.
Rf5 Ra4+ 61. Kd3 f3 0-1

[Event "Leon blitz op 33rd"]
[Site "Chess.com INT"]
[Date "2020.07.14"]
[Round "8"]
[White "Kamsky, Gata"]
[Black "Svane, Frederik"]
[Result "1-0"]
[WhiteElo "2674"]
[BlackElo "2421"]
[PlyCount "75"]
[EventDate "2020.07.14"]
[EventType "swiss (blitz)"]
[EventRounds "10"]
[EventCountry "ESP"]
[SourceTitle "CBM 197 Extra"]
[Source "ChessBase"]
[SourceDate "2020.09.30"]
[SourceVersion "1"]
[SourceVersionDate "2020.09.30"]
[SourceQuality "1"]

1. d4 Nf6 2. Nf3 e6 3. Bf4 Bd6 4. Bg3 b6 5. Nbd2 Bb7 6. e3 O-O 7. a4 Nc6 8. c3
Re8 9. Ne5 Bf8 10. Bb5 a6 11. Bd3 d6 12. Nxc6 Bxc6 13. O-O e5 14. Re1 Qd7 15.
e4 Bb7 16. Qc2 Nh5 17. Rad1 Nxg3 18. hxg3 g6 19. Nf3 Qe7 20. Bc4 Bg7 21. b4
exd4 22. cxd4 Bxe4 23. Bxf7+ Qxf7 24. Rxe4 Rxe4 25. Qxe4 Re8 26. Qd3 Qd5 27.
Qxa6 h6 28. Qd3 Kh7 29. Qc2 Ra8 30. Qxc7 Rxa4 31. Re1 Rxb4 32. Re7 Rb1+ 33. Kh2
Qg8 34. Qxd6 b5 35. Nh4 b4 36. Qxg6+ Kh8 37. Re8 Bf8 38. Qf5 1-0

[Event "Leon blitz op 33rd"]
[Site "Chess.com INT"]
[Date "2020.07.14"]
[Round "9"]
[White "Bjerre, Jonas Buhl"]
[Black "Kamsky, Gata"]
[Result "1-0"]
[WhiteElo "2549"]
[BlackElo "2674"]
[PlyCount "119"]
[EventDate "2020.07.14"]
[EventType "swiss (blitz)"]
[EventRounds "10"]
[EventCountry "ESP"]
[SourceTitle "CBM 197 Extra"]
[Source "ChessBase"]
[SourceDate "2020.09.30"]
[SourceVersion "1"]
[SourceVersionDate "2020.09.30"]
[SourceQuality "1"]

1. d4 d5 2. c4 c6 3. Nf3 Nf6 4. Nbd2 Bf5 5. Nh4 Bg6 6. Qb3 Qb6 7. Qh3 Nbd7 8.
Nxg6 fxg6 9. e3 Kf7 10. Bd3 e6 11. Nf3 h6 12. c5 Qc7 13. Ng5+ hxg5 14. Qxh8 e5
15. O-O Re8 16. Qh3 b6 17. b4 Be7 18. Bb2 e4 19. Be2 Nf8 20. Qg3 Qb7 21. Rab1
Ne6 22. Bg4 Qd7 23. f3 Nxg4 24. Qxg4 exf3 25. Rxf3+ Bf6 26. Rff1 Kg8 27. a4 Qe7
28. Qf3 Nd8 29. Rbe1 Qd7 30. Qe2 Ne6 31. Qd3 Rb8 32. Ba1 bxc5 33. bxc5 g4 34.
Qxg6 Qf7 35. Qxg4 Ng5 36. Rb1 Re8 37. Qg3 Ne4 38. Qe1 Qg6 39. Rf3 Ng5 40. Rg3
Qc2 41. Rc1 Qxa4 42. Bc3 Ne4 43. Rf3 Qb3 44. Bd2 Qd3 45. Ba5 Rb8 46. Qd1 Qa3
47. Ra1 Qb2 48. Be1 Rb7 49. Rf1 a5 50. Rxa5 Qb3 51. Ra8+ Kf7 52. Qh5+ Ke6 53.
Qe8+ Re7 54. Qxc6+ Kf7 55. Kh1 Kg6 56. Re8 Qc4 57. Kg1 Ra7 58. Qe6 Qb3 59. Rf8
Qxe3+ 60. Kh1 1-0